Central Library OPAC University of Rajshahi

Readings in economic geography : (Record no. 23453)

MARC details
000 -LEADER
fixed length control field 01053cam a2200313 4500
001 - CONTROL NUMBER
control field 23453
003 - CONTROL NUMBER IDENTIFIER
rucl marc code BD-RjUL
005 - DATE AND TIME OF LATEST TRANSACTION
control field 20211209000931.0
008 - FIXED-LENGTH DATA ELEMENTS--GENERAL INFORMATION
fixed length control field 140310s1968 iluab b 001 0 eng d
035 ## - SYSTEM CONTROL NUMBER
System control number (DLC) 68010126
System control number (BD-RjUL)23518
040 ## - CATALOGING SOURCE
Original cataloging agency DLC
Transcribing agency DLC
Modifying agency BD-RjUL
Language of cataloging eng
041 ## - LANGUAGE CODE
Language code of text/sound track or separate title eng
082 00 - DEWEY DECIMAL CLASSIFICATION NUMBER
Classification number 330.9
Author mark and year REA 1968
245 00 - TITLE STATEMENT
Title Readings in economic geography :
Remainder of title the location of economic activity /
Statement of responsibility, etc. edited by Robert H. T. Smith, Edward J. Taaffe and Leslie J. King.
260 ## - PUBLICATION, DISTRIBUTION, ETC. (IMPRINT)
Place of publication, distribution, etc. Chicago :
Name of publisher, distributor, etc. Rand McNally,
Date of publication, distribution, etc. c1968.
300 ## - PHYSICAL DESCRIPTION
Pagination vi, 406 p. :
Illustrations ill., maps. ;
Size 25 cm.
504 ## - BIBLIOGRAPHY, ETC. NOTE
Bibliography, etc Includes bibliographical references and index.
650 #0 - SUBJECT ADDED ENTRY--TOPICAL TERM
Topical term or geographic name as entry element Economic geography.
9 (RLIN) 7860
Topical term or geographic name as entry element Industrial location.
9 (RLIN) 72238
Topical term or geographic name as entry element Space in economics.
9 (RLIN) 72239
700 1# - ADDED ENTRY--PERSONAL NAME
Personal name Smith, Robert Henry Tufrey.
Personal name Taaffe, Edward J.
Fuller form of name (Edward James)
Personal name King, Leslie J.
830 #0 - SERIES ADDED ENTRY--UNIFORM TITLE
Uniform title Rand McNally geography series
942 ## - ADDED ENTRY ELEMENTS (KOHA)
Source of classification or shelving scheme Dewey Decimal Classification
Koha item type Books
Holdings
Lost status Source of classification or shelving scheme Damaged status Not for loan Collection code Permanent Location Current Location Shelving location Date acquired Source of acquisition Cost, normal purchase price Total Checkouts Full call number Date last seen Copy number Koha item type
  Dewey Decimal Classification   Added to bundle Non-fiction Central Library, University of Rajshahi Central Library, University of Rajshahi Reading Room 31/07/1970 Zeitlinger 67.00   330.9 REA 1968 10/03/2014 C-1 Books